[Event "DEM U12 2023"]
[Site "Willingen GER"]
[Date "2023.06.02"]
[Round "8"]
[White "Stehning, Toni"]
[Black "Radeke, Timothy"]
[Result "1-0"]
[Termination "normal"]
[Board "11"]
[WhiteElo "1499"]
[BlackElo "1485"]
[WhiteClock "00:51:45"]
[BlackClock "00:46:34"]
[PlyCount "101"]
[WhiteFideId "34623477"]
[BlackFideId "16289412"]
[EventCountry "GER"]
[EventRounds "9"]
[EventType "swiss"]
[EventDate "2023.05.27"]

1. e4 {[%clk 01:30:56]} {[%emt 00:00:04]} e5 {[%clk 01:30:42]} {[%emt
00:00:19]} 2. Nf3 {[%clk 01:31:06]} {[%emt 00:00:19]} Nc6 {[%clk 01:31:04]}
{[%emt 00:00:07]} 3. Bc4 {[%clk 01:31:32]} {[%emt 00:00:05]} Bc5 {[%clk
01:31:18]} {[%emt 00:00:15]} 4. c3 {[%clk 01:31:58]} {[%emt 00:00:05]} Nf6
{[%clk 01:31:22]} {[%emt 00:00:26]} 5. d4 {[%clk 01:32:18]} {[%emt 00:00:11]}
exd4 {[%clk 01:31:43]} {[%emt 00:00:09]} 6. e5 {[%clk 01:32:41]} {[%emt
00:00:07]} d5 {[%clk 01:32:07]} {[%emt 00:00:06]} 7. Bb5 {[%clk 01:33:05]}
{[%emt 00:00:06]} Ne4 {[%clk 01:32:28]} {[%emt 00:00:08]} 8. cxd4 {[%clk
01:33:30]} {[%emt 00:00:05]} Bb6 {[%clk 01:32:52]} {[%emt 00:00:07]} 9. Be3
{[%clk 01:33:04]} {[%emt 00:00:55]} Bd7 {[%clk 01:30:52]} {[%emt 00:02:30]} 10.
Bd3 {[%clk 01:25:59]} {[%emt 00:07:35]} Bg4 {[%clk 01:30:31]} {[%emt 00:00:51]}
11. h3 {[%clk 01:25:33]} {[%emt 00:00:56]} Bh5 {[%clk 01:30:53]} {[%emt
00:00:09]} 12. Nc3 {[%clk 01:24:15]} {[%emt 00:01:48]} Nxd4 {[%clk 01:25:56]}
{[%emt 00:05:26]} 13. Bxd4 {[%clk 01:23:25]} {[%emt 00:01:20]} Bxd4 {[%clk
01:26:16]} {[%emt 00:00:11]} 14. Qa4+ {[%clk 01:23:37]} {[%emt 00:00:18]} c6
{[%clk 01:19:04]} {[%emt 00:07:42]} 15. Qxd4 {[%clk 01:23:17]} {[%emt
00:00:48]} Nxc3 {[%clk 01:18:52]} {[%emt 00:00:43]} 16. Qxc3 {[%clk 01:22:35]}
{[%emt 00:01:13]} Bxf3 {[%clk 01:19:16]} {[%emt 00:00:06]} 17. gxf3 {[%clk
01:22:56]} {[%emt 00:00:09]} O-O {[%clk 01:17:01]} {[%emt 00:02:45]} 18. f4
{[%clk 01:03:34]} {[%emt 00:19:50]} f6 {[%clk 01:15:18]} {[%emt 00:02:14]} 19.
e6 {[%clk 01:03:12]} {[%emt 00:00:53]} f5 {[%clk 01:15:30]} {[%emt 00:00:18]}
20. Rg1 {[%clk 01:01:57]} {[%emt 00:01:44]} g6 {[%clk 01:15:27]} {[%emt
00:00:33]} 21. Qe5 {[%clk 01:01:12]} {[%emt 00:01:15]} Qa5+ {[%clk 01:14:58]}
{[%emt 00:00:59]} 22. Qc3 {[%clk 00:58:48]} {[%emt 00:02:55]} Qxc3+ {[%clk
01:14:13]} {[%emt 00:01:14]} 23. bxc3 {[%clk 00:59:13]} {[%emt 00:00:06]} Rae8
{[%clk 01:14:39]} {[%emt 00:00:04]} 24. Kd2 {[%clk 00:59:21]} {[%emt 00:00:22]}
Kg7 {[%clk 01:14:30]} {[%emt 00:00:39]} 25. Rae1 {[%clk 00:58:56]} {[%emt
00:00:54]} Kf6 {[%clk 01:14:46]} {[%emt 00:00:14]} 26. Re5 {[%clk 00:58:40]}
{[%emt 00:00:47]} Rxe6 {[%clk 01:13:36]} {[%emt 00:01:40]} 27. Rxe6+ {[%clk
00:56:28]} {[%emt 00:02:41]} Kxe6 {[%clk 01:13:54]} {[%emt 00:00:13]} 28. h4
{[%clk 00:56:44]} {[%emt 00:00:14]} Kf6 {[%clk 01:12:13]} {[%emt 00:02:10]} 29.
h5 {[%clk 00:56:33]} {[%emt 00:00:41]} Re8 {[%clk 01:06:13]} {[%emt 00:06:30]}
30. h6 {[%clk 00:53:55]} {[%emt 00:03:08]} a6 {[%clk 01:00:11]} {[%emt
00:06:32]} 31. Rb1 {[%clk 00:53:07]} {[%emt 00:01:18]} Re7 {[%clk 01:00:06]}
{[%emt 00:00:36]} 32. c4 {[%clk 00:50:12]} {[%emt 00:03:25]} Ke6 {[%clk
00:55:29]} {[%emt 00:05:07]} 33. Re1+ {[%clk 00:49:44]} {[%emt 00:00:57]} Kd6
{[%clk 00:53:33]} {[%emt 00:02:26]} 34. Rxe7 {[%clk 00:47:20]} {[%emt
00:02:54]} Kxe7 {[%clk 00:51:16]} {[%emt 00:02:48]} 35. cxd5 {[%clk 00:47:46]}
{[%emt 00:00:04]} c5 {[%clk 00:44:32]} {[%emt 00:07:14]} 36. Bxa6 {[%clk
00:46:42]} {[%emt 00:01:34]} bxa6 {[%clk 00:43:50]} {[%emt 00:01:11]} 37. Kc3
{[%clk 00:47:05]} {[%emt 00:00:07]} Kd6 {[%clk 00:41:21]} {[%emt 00:03:00]} 38.
Kc4 {[%clk 00:47:27]} {[%emt 00:00:08]} Kd7 {[%clk 00:41:46]} {[%emt 00:00:04]}
39. Kxc5 {[%clk 00:47:51]} {[%emt 00:00:06]} Kc7 {[%clk 00:42:13]} {[%emt
00:00:03]} 40. d6+ {[%clk 00:48:16]} {[%emt 00:00:06]} Kd7 {[%clk 00:42:18]}
{[%emt 00:00:25]} 41. Kd5 {[%clk 00:48:39]} {[%emt 00:00:06]} a5 {[%clk
00:42:44]} {[%emt 00:00:05]} 42. a4 {[%clk 00:48:57]} {[%emt 00:00:12]} Kd8
{[%clk 00:43:09]} {[%emt 00:00:04]} 43. Ke6 {[%clk 00:49:20]} {[%emt 00:00:07]}
Ke8 {[%clk 00:43:35]} {[%emt 00:00:04]} 44. d7+ {[%clk 00:49:47]} {[%emt
00:00:03]} Kd8 {[%clk 00:44:02]} {[%emt 00:00:03]} 45. Kd6 {[%clk 00:50:11]}
{[%emt 00:00:07]} g5 {[%clk 00:44:28]} {[%emt 00:00:04]} 46. fxg5 {[%clk
00:50:37]} {[%emt 00:00:03]} f4 {[%clk 00:44:53]} {[%emt 00:00:05]} 47. g6
{[%clk 00:50:31]} {[%emt 00:00:36]} f3 {[%clk 00:45:19]} {[%emt 00:00:05]} 48.
Ke6 {[%clk 00:50:58]} {[%emt 00:00:02]} hxg6 {[%clk 00:45:40]} {[%emt
00:00:10]} 49. Kd6 {[%clk 00:51:19]} {[%emt 00:00:08]} g5 {[%clk 00:46:07]}
{[%emt 00:00:03]} 50. h7 {[%clk 00:51:45]} {[%emt 00:00:04]} g4 {[%clk
00:46:34]} {[%emt 00:00:03]} 51. h8=Q# {[%emt 00:00:08]} 1-0

[Event "DEM U12 2023"]
[Site "Willingen GER"]
[Date "2023.06.02"]
[Round "8"]
[White "Prashanthakumar, Arju"]
[Black "Zhang, Yibo"]
[Result "0-1"]
[Termination "normal"]
[Board "13"]
[WhiteElo "1291"]
[BlackElo "1791"]
[WhiteClock "00:09:21"]
[BlackClock "00:26:26"]
[PlyCount "68"]
[WhiteFideId "34604065"]
[BlackFideId "16287657"]
[EventCountry "GER"]
[EventRounds "9"]
[EventType "swiss"]
[EventDate "2023.05.27"]

1. e4 {[%clk 01:30:57]} {[%emt 00:00:02]} e5 {[%clk 01:30:47]} {[%emt
00:00:14]} 2. Nf3 {[%clk 01:31:18]} {[%emt 00:00:09]} Nc6 {[%clk 01:31:05]}
{[%emt 00:00:11]} 3. Bb5 {[%clk 01:31:40]} {[%emt 00:00:09]} a6 {[%clk
01:31:28]} {[%emt 00:00:07]} 4. Ba4 {[%clk 01:32:04]} {[%emt 00:00:06]} Nf6
{[%clk 01:31:52]} {[%emt 00:00:06]} 5. O-O {[%clk 01:32:17]} {[%emt 00:00:16]}
Be7 {[%clk 01:32:14]} {[%emt 00:00:08]} 6. Re1 {[%clk 01:32:29]} {[%emt
00:00:18]} b5 {[%clk 01:32:37]} {[%emt 00:00:08]} 7. Bb3 {[%clk 01:32:54]}
{[%emt 00:00:04]} d6 {[%clk 01:33:03]} {[%emt 00:00:04]} 8. c3 {[%clk
01:33:13]} {[%emt 00:00:12]} Na5 {[%clk 01:33:28]} {[%emt 00:00:05]} 9. Bc2
{[%clk 01:32:51]} {[%emt 00:00:51]} c5 {[%clk 01:33:20]} {[%emt 00:00:39]} 10.
h3 {[%clk 01:31:37]} {[%emt 00:01:44]} O-O {[%clk 01:33:38]} {[%emt 00:00:12]}
11. d3 {[%clk 01:29:26]} {[%emt 00:02:41]} Nc6 {[%clk 01:32:21]} {[%emt
00:01:47]} 12. Nbd2 {[%clk 01:27:02]} {[%emt 00:02:55]} Ne8 {[%clk 01:29:14]}
{[%emt 00:03:37]} 13. Nf1 {[%clk 01:24:13]} {[%emt 00:03:19]} f5 {[%clk
01:27:22]} {[%emt 00:02:23]} 14. d4 {[%clk 01:20:09]} {[%emt 00:04:34]} fxe4
{[%clk 01:22:25]} {[%emt 00:05:27]} 15. Bxe4 {[%clk 01:16:17]} {[%emt
00:04:21]} d5 {[%clk 01:22:05]} {[%emt 00:00:51]} 16. Bc2 {[%clk 01:08:48]}
{[%emt 00:07:59]} e4 {[%emt 00:06:10]} 17. N3h2 {[%clk 01:03:53]} {[%emt
00:01:08]} cxd4 {[%clk 01:17:05]} {[%emt 00:04:07]} 18. cxd4 {[%clk 01:03:12]}
{[%emt 00:01:11]} Nd6 {[%clk 01:04:27]} {[%emt 00:13:08]} 19. Ne3 {[%clk
00:58:24]} {[%emt 00:05:17]} Be6 {[%clk 00:55:21]} {[%emt 00:09:35]} 20. Bb3
{[%clk 00:51:53]} {[%emt 00:07:03]} Nc4 {[%emt 00:02:03]} 21. a4 {[%clk
00:47:08]} {[%emt 00:05:13]} Qb6 {[%clk 00:47:02]} {[%emt 00:07:16]} 22. Nc2
{[%clk 00:37:32]} {[%emt 00:10:06]} Bf6 {[%clk 00:45:14]} {[%emt 00:02:18]} 23.
Bxc4 {[%clk 00:31:27]} {[%emt 00:06:37]} bxc4 {[%clk 00:44:24]} {[%emt
00:01:20]} 24. Be3 {[%clk 00:30:21]} {[%emt 00:01:36]} Qb3 {[%clk 00:33:51]}
{[%emt 00:11:03]} 25. Qd2 {[%clk 00:23:08]} {[%emt 00:07:42]} Rab8 {[%clk
00:31:12]} {[%emt 00:03:11]} 26. Reb1 {[%clk 00:19:02]} {[%emt 00:04:35]} Qd3
{[%clk 00:30:47]} {[%emt 00:00:55]} 27. Qxd3 {[%clk 00:14:55]} {[%emt
00:04:37]} exd3 {[%clk 00:30:22]} {[%emt 00:00:56]} 28. Ne1 {[%clk 00:13:28]}
{[%emt 00:01:56]} Nxd4 {[%clk 00:30:39]} {[%emt 00:00:14]} 29. Nhf3 {[%clk
00:10:02]} {[%emt 00:03:55]} Ne2+ {[%clk 00:29:39]} {[%emt 00:01:29]} 30. Kf1
{[%clk 00:09:16]} {[%emt 00:01:17]} Bxb2 {[%clk 00:28:31]} {[%emt 00:01:38]}
31. Ra2 {[%clk 00:09:36]} {[%emt 00:00:11]} Bc3 {[%clk 00:27:44]} {[%emt
00:01:16]} 32. Rd1 {[%clk 00:09:20]} {[%emt 00:00:46]} d4 {[%clk 00:26:50]}
{[%emt 00:01:25]} 33. Bg5 {[%clk 00:09:13]} {[%emt 00:00:37]} Bxe1 {[%clk
00:26:06]} {[%emt 00:01:14]} 34. Rxe1 {[%clk 00:09:21]} {[%emt 00:00:21]} Rxf3
{[%clk 00:26:26]} {[%emt 00:00:10]} 0-1

[Event "DEM U12 2023"]
[Site "Willingen GER"]
[Date "2023.06.02"]
[Round "8"]
[White "Allen, Phillipp"]
[Black "Schmitz, Constantin"]
[Result "1-0"]
[Termination "normal"]
[Board "14"]
[WhiteElo "1539"]
[BlackElo "1577"]
[WhiteClock "00:48:36"]
[BlackClock "00:43:00"]
[PlyCount "51"]
[WhiteFideId "16272846"]
[BlackFideId "16274660"]
[EventCountry "GER"]
[EventRounds "9"]
[EventType "swiss"]
[EventDate "2023.05.27"]

1. e4 {[%clk 01:30:58]} {[%emt 00:00:01]} c5 {[%clk 01:30:54]} {[%emt
00:00:07]} 2. c3 {[%clk 01:31:23]} {[%emt 00:00:05]} d5 {[%clk 01:31:19]}
{[%emt 00:00:06]} 3. exd5 {[%clk 01:31:47]} {[%emt 00:00:06]} Qxd5 {[%clk
01:31:40]} {[%emt 00:00:08]} 4. d4 {[%clk 01:32:12]} {[%emt 00:00:05]} Nc6
{[%clk 01:31:45]} {[%emt 00:00:26]} 5. Nf3 {[%clk 01:32:32]} {[%emt 00:00:10]}
Bf5 {[%clk 01:32:04]} {[%emt 00:00:11]} 6. Be3 {[%clk 01:32:53]} {[%emt
00:00:09]} cxd4 {[%clk 01:31:07]} {[%emt 00:01:27]} 7. cxd4 {[%clk 01:33:11]}
{[%emt 00:00:12]} e6 {[%clk 01:30:23]} {[%emt 00:01:14]} 8. Nc3 {[%clk
01:30:34]} {[%emt 00:03:07]} Bb4 {[%clk 01:28:40]} {[%emt 00:02:13]} 9. a3
{[%clk 01:27:57]} {[%emt 00:03:07]} Bxc3+ {[%clk 01:28:29]} {[%emt 00:00:41]}
10. bxc3 {[%clk 01:28:16]} {[%emt 00:00:10]} Nf6 {[%clk 01:26:08]} {[%emt
00:02:51]} 11. Rc1 {[%clk 01:23:29]} {[%emt 00:05:17]} a6 {[%clk 01:23:39]}
{[%emt 00:03:00]} 12. Be2 {[%clk 01:20:15]} {[%emt 00:03:43]} b5 {[%clk
01:22:16]} {[%emt 00:01:52]} 13. O-O {[%clk 01:20:31]} {[%emt 00:00:14]} O-O
{[%clk 01:20:14]} {[%emt 00:02:33]} 14. c4 {[%clk 01:18:37]} {[%emt 00:02:23]}
bxc4 {[%clk 01:17:47]} {[%emt 00:02:58]} 15. Bxc4 {[%clk 01:18:48]} {[%emt
00:00:20]} Qd6 {[%clk 01:14:09]} {[%emt 00:04:08]} 16. Bb3 {[%clk 01:10:15]}
{[%emt 00:09:02]} Rab8 {[%clk 01:06:07]} {[%emt 00:08:32]} 17. d5 {[%clk
01:05:58]} {[%emt 00:04:48]} exd5 {[%clk 00:53:56]} {[%emt 00:12:40]} 18. Bc5
{[%clk 01:03:58]} {[%emt 00:02:30]} Qe6 {[%clk 00:47:57]} {[%emt 00:06:29]} 19.
Re1 {[%clk 01:00:37]} {[%emt 00:03:51]} Ne4 {[%clk 00:47:28]} {[%emt 00:00:58]}
20. Bxf8 {[%clk 00:59:12]} {[%emt 00:01:55]} Rxf8 {[%clk 00:46:44]} {[%emt
00:01:15]} 21. Bxd5 {[%clk 00:59:28]} {[%emt 00:00:14]} Qg6 {[%clk 00:43:56]}
{[%emt 00:03:18]} 22. Rxc6 {[%clk 00:56:59]} {[%emt 00:02:59]} Qg4 {[%clk
00:42:12]} {[%emt 00:02:15]} 23. h3 {[%clk 00:55:45]} {[%emt 00:01:44]} Qf4
{[%clk 00:42:21]} {[%emt 00:00:21]} 24. Bxe4 {[%clk 00:55:26]} {[%emt
00:00:49]} Bxe4 {[%clk 00:42:45]} {[%emt 00:00:05]} 25. Qd4 {[%clk 00:49:14]}
{[%emt 00:06:42]} Re8 {[%clk 00:43:00]} {[%emt 00:00:16]} 26. Qxe4 {[%clk
00:48:36]} {[%emt 00:01:07]} 1-0

[Event "DEM U12 2023"]
[Site "Willingen GER"]
[Date "2023.06.02"]
[Round "8"]
[White "Charchulla, Moritz"]
[Black "Lanert, Theodor"]
[Result "1/2-1/2"]
[Termination "normal"]
[Board "15"]
[WhiteElo "1063"]
[BlackElo "1398"]
[WhiteClock "00:48:08"]
[BlackClock "00:41:06"]
[PlyCount "64"]
[WhiteFideId "34607579"]
[BlackFideId "34605576"]
[EventCountry "GER"]
[EventRounds "9"]
[EventType "swiss"]
[EventDate "2023.05.27"]

1. c4 {[%clk 01:30:50]} {[%emt 00:00:10]} Nf6 {[%clk 01:30:05]} {[%emt
00:00:56]} 2. Nc3 {[%clk 01:31:04]} {[%emt 00:00:15]} g6 {[%clk 01:30:09]}
{[%emt 00:00:25]} 3. g3 {[%clk 01:31:27]} {[%emt 00:00:08]} Bg7 {[%clk
01:30:28]} {[%emt 00:00:11]} 4. Bg2 {[%clk 01:31:51]} {[%emt 00:00:06]} O-O
{[%clk 01:30:48]} {[%emt 00:00:10]} 5. e4 {[%clk 01:32:14]} {[%emt 00:00:07]}
d6 {[%clk 01:30:55]} {[%emt 00:00:23]} 6. Nge2 {[%clk 01:32:29]} {[%emt
00:00:14]} c5 {[%clk 01:29:30]} {[%emt 00:01:56]} 7. O-O {[%clk 01:29:30]}
{[%emt 00:03:30]} Nc6 {[%clk 01:29:25]} {[%emt 00:00:35]} 8. d3 {[%clk
01:29:00]} {[%emt 00:01:00]} Bd7 {[%clk 01:28:00]} {[%emt 00:01:54]} 9. Rb1
{[%clk 01:25:34]} {[%emt 00:03:56]} Qc8 {[%clk 01:27:00]} {[%emt 00:01:30]} 10.
b3 {[%clk 01:25:00]} {[%emt 00:01:04]} Bh3 {[%clk 01:24:45]} {[%emt 00:02:44]}
11. Bb2 {[%clk 01:24:48]} {[%emt 00:00:42]} Bxg2 {[%clk 01:24:03]} {[%emt
00:01:12]} 12. Kxg2 {[%clk 01:25:06]} {[%emt 00:00:13]} e5 {[%clk 01:16:11]}
{[%emt 00:08:22]} 13. h3 {[%clk 01:21:00]} {[%emt 00:04:36]} Nd7 {[%clk
01:15:20]} {[%emt 00:01:21]} 14. Nd5 {[%clk 01:19:30]} {[%emt 00:02:00]} f5
{[%clk 01:15:15]} {[%emt 00:00:35]} 15. f4 {[%clk 01:18:52]} {[%emt 00:01:09]}
Nf6 {[%clk 01:11:43]} {[%emt 00:04:02]} 16. Nec3 {[%clk 01:14:16]} {[%emt
00:05:06]} exf4 {[%clk 01:06:20]} {[%emt 00:05:53]} 17. Nxf6+ {[%clk 01:11:31]}
{[%emt 00:03:14]} Bxf6 {[%clk 01:05:45]} {[%emt 00:01:05]} 18. Rxf4 {[%clk
01:11:17]} {[%emt 00:00:43]} Be5 {[%clk 01:03:58]} {[%emt 00:02:18]} 19. Rf1
{[%clk 01:10:53]} {[%emt 00:00:54]} f4 {[%clk 01:01:52]} {[%emt 00:02:37]} 20.
Nd5 {[%clk 01:09:13]} {[%emt 00:02:09]} Qd7 {[%clk 01:00:00]} {[%emt 00:02:22]}
21. gxf4 {[%clk 01:07:27]} {[%emt 00:02:16]} Bxb2 {[%clk 01:00:06]} {[%emt
00:00:25]} 22. Rxb2 {[%clk 01:07:50]} {[%emt 00:00:07]} Ne7 {[%clk 01:00:30]}
{[%emt 00:00:06]} 23. Qg4 {[%clk 01:06:38]} {[%emt 00:01:42]} Qxg4+ {[%clk
01:00:00]} {[%emt 00:01:00]} 24. hxg4 {[%clk 01:06:45]} {[%emt 00:00:23]} Nxd5
{[%clk 01:00:23]} {[%emt 00:00:07]} 25. cxd5 {[%clk 01:06:24]} {[%emt
00:00:51]} Rac8 {[%clk 00:59:38]} {[%emt 00:01:15]} 26. Rbf2 {[%clk 00:59:56]}
{[%emt 00:06:58]} b5 {[%clk 00:57:30]} {[%emt 00:02:38]} 27. e5 {[%clk
00:58:41]} {[%emt 00:01:45]} c4 {[%clk 00:51:19]} {[%emt 00:06:40]} 28. dxc4
{[%clk 00:56:57]} {[%emt 00:02:14]} bxc4 {[%clk 00:49:00]} {[%emt 00:02:50]}
29. Rc2 {[%clk 00:53:00]} {[%emt 00:04:27]} dxe5 {[%clk 00:44:30]} {[%emt
00:05:00]} 30. fxe5 {[%clk 00:52:15]} {[%emt 00:01:15]} Rxf1 {[%clk 00:44:32]}
31. Kxf1 {[%clk 00:52:39]} {[%emt 00:00:34]} c3 {[%clk 00:44:41]} {[%emt
00:00:22]} 32. b4 {[%clk 00:48:08]} {[%emt 00:05:01]} h5 {[%clk 00:41:06]}
{[%emt 00:04:05]} 1/2-1/2

[Event "DEM U12 2023"]
[Site "Willingen GER"]
[Date "2023.06.02"]
[Round "8"]
[White "Fischermann, Simon"]
[Black "Zimmer, Tim"]
[Result "1-0"]
[Termination "normal"]
[Board "16"]
[WhiteElo "1659"]
[BlackElo "1258"]
[WhiteClock "00:34:34"]
[BlackClock "00:01:41"]
[PlyCount "75"]
[WhiteFideId "34620869"]
[BlackFideId "34603115"]
[EventCountry "GER"]
[EventRounds "9"]
[EventType "swiss"]
[EventDate "2023.05.27"]

1. e4 {[%clk 01:30:58]} {[%emt 00:00:01]} e5 {[%clk 01:30:53]} {[%emt
00:00:08]} 2. Nf3 {[%clk 01:31:23]} {[%emt 00:00:05]} Nc6 {[%clk 01:31:12]}
{[%emt 00:00:10]} 3. d4 {[%clk 01:31:42]} {[%emt 00:00:11]} exd4 {[%clk
01:30:44]} {[%emt 00:00:58]} 4. Bc4 {[%clk 01:32:07]} {[%emt 00:00:04]} Bc5
{[%clk 01:27:29]} {[%emt 00:03:45]} 5. c3 {[%clk 01:32:24]} {[%emt 00:00:14]}
Nf6 {[%clk 01:27:19]} {[%emt 00:00:39]} 6. cxd4 {[%clk 01:32:07]} {[%emt
00:00:48]} Bb4+ {[%clk 01:27:33]} {[%emt 00:00:16]} 7. Bd2 {[%clk 01:31:20]}
{[%emt 00:01:17]} Bxd2+ {[%clk 01:27:52]} {[%emt 00:00:11]} 8. Nbxd2 {[%clk
01:31:06]} {[%emt 00:00:44]} d5 {[%clk 01:27:55]} {[%emt 00:00:26]} 9. exd5
{[%clk 01:30:47]} {[%emt 00:00:49]} Nxd5 {[%clk 01:28:13]} {[%emt 00:00:12]}
10. O-O {[%clk 01:28:10]} {[%emt 00:03:07]} O-O {[%clk 01:27:57]} {[%emt
00:00:46]} 11. a3 {[%clk 01:20:04]} {[%emt 00:08:37]} Nb6 {[%clk 01:24:29]}
{[%emt 00:03:57]} 12. Qc2 {[%clk 01:00:09]} {[%emt 00:20:25]} Qf6 {[%clk
01:01:46]} {[%emt 00:23:13]} 13. Ne4 {[%clk 00:43:29]} {[%emt 00:17:11]} Qg6
{[%clk 00:54:10]} {[%emt 00:08:03]} 14. Bd3 {[%clk 00:41:24]} {[%emt 00:02:38]}
Bf5 {[%clk 00:53:48]} {[%emt 00:00:52]} 15. Nh4 {[%clk 00:38:45]} {[%emt
00:03:08]} Nxd4 {[%clk 00:49:21]} {[%emt 00:04:58]} 16. Nxg6 {[%clk 00:36:55]}
{[%emt 00:02:21]} Nxc2 {[%clk 00:49:10]} {[%emt 00:00:40]} 17. Ne7+ {[%clk
00:36:42]} {[%emt 00:00:43]} Kh8 {[%clk 00:49:29]} {[%emt 00:00:11]} 18. Nxf5
{[%clk 00:31:54]} {[%emt 00:05:18]} Nxa1 {[%clk 00:48:48]} {[%emt 00:01:11]}
19. Rxa1 {[%clk 00:32:24]} Rad8 {[%clk 00:48:28]} {[%emt 00:00:51]} 20. Bf1
{[%clk 00:30:57]} {[%emt 00:01:57]} Rfe8 {[%clk 00:46:06]} {[%emt 00:02:51]}
21. Nfg3 {[%clk 00:24:35]} {[%emt 00:06:52]} f5 {[%clk 00:42:21]} {[%emt
00:04:15]} 22. Nc3 {[%clk 00:22:05]} {[%emt 00:02:59]} Rd2 {[%clk 00:40:49]}
{[%emt 00:02:04]} 23. b4 {[%clk 00:21:24]} {[%emt 00:01:12]} Rc2 {[%clk
00:38:12]} {[%emt 00:03:05]} 24. Nb5 {[%clk 00:16:19]} {[%emt 00:05:36]} g6
{[%clk 00:28:21]} {[%emt 00:10:22]} 25. Nd4 {[%clk 00:12:50]} {[%emt 00:03:58]}
Rd2 {[%clk 00:27:23]} {[%emt 00:01:29]} 26. Nf3 {[%clk 00:12:50]} {[%emt
00:00:29]} Rb2 {[%clk 00:26:23]} {[%emt 00:01:30]} 27. Ne1 {[%clk 00:09:26]}
{[%emt 00:03:54]} Kg7 {[%clk 00:20:17]} {[%emt 00:06:36]} 28. Nd3 {[%clk
00:09:12]} {[%emt 00:00:44]} Rd2 {[%clk 00:19:33]} {[%emt 00:01:14]} 29. Nc5
{[%clk 00:08:54]} {[%emt 00:00:48]} Kf6 {[%clk 00:09:36]} {[%emt 00:10:14]} 30.
Nxb7 {[%emt 00:01:37]} f4 {[%clk 00:09:54]} 31. Nh1 {[%clk 00:08:00]} {[%emt
00:00:41]} Re5 {[%clk 00:08:49]} {[%emt 00:01:32]} 32. f3 {[%clk 00:05:34]}
{[%emt 00:03:01]} Red5 {[%clk 00:03:55]} {[%emt 00:05:24]} 33. Nf2 {[%clk
00:04:44]} {[%emt 00:01:19]} Kg7 {[%clk 00:02:10]} {[%emt 00:02:14]} 34. Nc5
{[%clk 00:03:55]} {[%emt 00:01:20]} Nd7 {[%clk 00:01:07]} {[%emt 00:01:30]} 35.
Ne6+ {[%clk 00:03:57]} {[%emt 00:00:31]} Kh6 {[%clk 00:01:16]} {[%emt
00:00:17]} 36. Ng4+ {[%clk 00:03:56]} {[%emt 00:00:35]} Kh5 {[%clk 00:01:30]}
{[%emt 00:00:12]} 37. Nxf4+ {[%clk 00:04:17]} {[%emt 00:00:12]} Kg5 {[%clk
00:01:41]} {[%emt 00:00:15]} 38. Nxd5 {[%clk 00:34:34]} {[%emt 00:00:34]} 1-0